Matrix analysis of electrical machinery / (Record no. 12638)
[ view plain ]
| 000 -LEADER | |
|---|---|
| fixed length control field | 00985cam a22002891 4500 |
| 001 - CONTROL NUMBER | |
| control field | 12638 |
| 003 - CONTROL NUMBER IDENTIFIER | |
| rucl marc code | BD-RjUL |
| 005 - DATE AND TIME OF LATEST TRANSACTION | |
| control field | 20211208235329.0 |
| 008 - FIXED-LENGTH DATA ELEMENTS--GENERAL INFORMATION | |
| fixed length control field | 140129s1964 xxua 001 0 eng |
| 035 ## - SYSTEM CONTROL NUMBER | |
| System control number | (BD-RjUL)12687 |
| System control number | (OCoLC)1116916 |
| 040 ## - CATALOGING SOURCE | |
| Original cataloging agency | DLC |
| Transcribing agency | NTR |
| Modifying agency | Uk |
| -- | DLC |
| -- | BD-RjUL |
| Language of cataloging | eng |
| 041 ## - LANGUAGE CODE | |
| Language code of text/sound track or separate title | eng |
| 082 ## - DEWEY DECIMAL CLASSIFICATION NUMBER | |
| Classification number | 621.313 |
| Author mark and year | HAM 1964 |
| 100 1# - MAIN ENTRY--PERSONAL NAME | |
| Personal name | Hancock, Norman Napoleon. |
| 9 (RLIN) | 39351 |
| 245 10 - TITLE STATEMENT | |
| Title | Matrix analysis of electrical machinery / |
| Statement of responsibility, etc. | N. N. Hancock. |
| 260 ## - PUBLICATION, DISTRIBUTION, ETC. (IMPRINT) | |
| Place of publication, distribution, etc. | Oxford ; |
| Name of publisher, distributor, etc. | Pergamon Press ; |
| Place of publication, distribution, etc. | New York : |
| Name of publisher, distributor, etc. | Macmillan , |
| Date of publication, distribution, etc. | c1964 |
| 300 ## - PHYSICAL DESCRIPTION | |
| Pagination | xii, 244 p. : |
| Illustrations | illus. ; |
| Size | 20 cm. |
| 490 0# - SERIES STATEMENT | |
| Series statement | The Commonwealth and international library of science, technology, engineering, and liberal studies. Applied electricity & electronics division, |
| Volume/sequential designation | v. 7 |
| 500 ## - GENERAL NOTE | |
| General note | "126." |
| 504 ## - BIBLIOGRAPHY, ETC. NOTE | |
| Bibliography, etc | Bibliography: p. 233-234. and index. |
| 650 #0 - SUBJECT ADDED ENTRY--TOPICAL TERM | |
| Topical term or geographic name as entry element | Electric machinery. |
| 9 (RLIN) | 39352 |
| Topical term or geographic name as entry element | Matrices. |
| 9 (RLIN) | 39353 |
| 942 ## - ADDED ENTRY ELEMENTS (KOHA) | |
| Source of classification or shelving scheme | Dewey Decimal Classification |
| Koha item type | Books |
| Lost status | Source of classification or shelving scheme | Damaged status | Not for loan | Collection code | Permanent Location | Current Location | Shelving location | Date acquired | Source of acquisition | Cost, normal purchase price | Total Checkouts | Full call number | Date last seen | Copy number | Koha item type |
|---|---|---|---|---|---|---|---|---|---|---|---|---|---|---|---|
| Dewey Decimal Classification | Not For Loan | Non-fiction | Central Library, University of Rajshahi | Central Library, University of Rajshahi | Reading Room | 06/10/1970 | Swets + Zetlinger | 21.00 | 621.313 HAM 1964 | 29/01/2014 | C-1 | Books | |||
| Dewey Decimal Classification | Non-fiction | Central Library, University of Rajshahi | Central Library, University of Rajshahi | 06/10/1970 | Sweets and Zeitlinger. | 21.00 | 621.313 HAM 1964 | 06/02/2014 | C-2 | Books |